Alaska Japan economic relations
Guardat en:
| Format: | Llibre |
|---|---|
| Idioma: | Undetermined |
| Publicat: |
Washington
U. S. Department of Commerce
1968
|
| Matèries: | |
| Etiquetes: |
Afegir etiqueta
Sense etiquetes, Sigues el primer a etiquetar aquest registre!
|
| Thư viện lưu trữ: | Trung tâm Học liệu Trường Đại học Cần Thơ |
|---|
| LEADER | 00531nam a2200181Ia 4500 | ||
|---|---|---|---|
| 001 | CTU_81064 | ||
| 008 | 210402s9999 xx 000 0 und d | ||
| 082 | |a 382 | ||
| 082 | |b A323 | ||
| 245 | 0 | |a Alaska Japan economic relations | |
| 245 | 0 | |c Arlon R. Tussing...[et al.] | |
| 260 | |a Washington | ||
| 260 | |b U. S. Department of Commerce | ||
| 260 | |c 1968 | ||
| 650 | |a Commerce,Foreign economic relations | ||
| 650 | |z Japan,Alaska,Japan,Alaska | ||
| 904 | |i Truc,Hải | ||
| 980 | |a Trung tâm Học liệu Trường Đại học Cần Thơ | ||